000 02619nac a2200361 a 4500
003 CO-PeBPM
005 20250714192828.0
007 ta
008 250714s2018 ck ao||| |||| 00| 0 spa d
020 _aISBN: 9789587836356
040 _aCO-PeBPM
_bspa
_cCO-PeBPM
_erda
041 _aspa
082 0 4 _a791.4 Q7v
_222
100 1 _aQuiñones Cely, Beatriz
_eautor
245 1 0 _a Violencia y ficción televisiva
_b : El acontecimiento de los noventa: imaginarios de la representación mediática de la violencia colombiana: series de ficción televisiva (1989-1999)
_c/ Beatriz Quiñones Cely... [y otros tres].
250 _aSegunda edición actualizada
260 _aBogotá, Colombia
_b: Universidad Nacional de Colombia. Facultad de Artes
_c, 2018
300 _a346 páginas
_bilustraciones (algunas a color), diagramas, fotografías
_c24 centímetros
490 _aColección Nación
500 _aIncluye índice
500 _aContiene datos biográficos de los autores en la solapa del texto
504 _aIncluye referencias bibliográficas
520 _aEsta investigación propone –mediante la crítica de las evidencias que ubican en el centro del proceso de mediatización de la violencia al conflicto armado colombiano– distanciarse de los enfoques que privilegian la dimensión política del fenómeno y revisar el acontecimiento violento desde el croquis de su percepción imaginaria, es decir, desde tres dimensiones reconocibles, cercanas a la violencia violencia oscura, violencia degradada y violencia muda. Adicionalmente, aborda la violencia colombiana desde la observación intensiva de un material productivo por su naturaleza y por su forma particular de expresar el fenómeno desde un género especifico: la ficción televisiva, y en una época la década de los noventa. Esta segunda edición incluye el capítulo “Narcomundo y Pablo los relatos de la violencia y la ficción televisiva en las dos primeras décadas del siglo XXI”, una reflexión que actualiza el texto a los años 2000 y abre el camino hacia nuevas investigaciones.
650 1 4 _a Programas de televisión - Aspectos sociales - Colombia
_2LEMB
650 1 4 _aViolencia en los medios de comunicación de masas - Colombia
_2LEMB
650 1 4 _a Violencia en televisión - Investigaciones - Colombia
_2LEMB
650 1 4 _aConflicto armado - Colombia
_2LEMB
700 1 4 _aPeña Tijo, Eduardo Alfredo
_ecoautor
700 1 4 _aWilches Tinjacá, Jaime Andrés
_ecoautor
700 1 4 _aSotomayor Torres, Doly
_ecoautor
942 _2ddc
_cBK
_n0
999 _c61026
_d61026